Pénzügyi kinevezés

Ondrej (Endre) Rakovszky, finančný kontrolór Finančnej správy v Rožňave bol v júni 1912 povýšený na hlavného finančného kontrolóra.

Podrobná bibliografia
Médium: Článok
Jazyk:Hungarian
Témy:
Zdroj: 1. Sajó-Vidék : Vegyestartalmú hetilap 1. Roč. 15, č. 24 (13.06.1912) s. 2
LEADER 00955nab#a2200289#ar4500
001 000067331
003 SVKKK
005 19980818xxxxxxx.
008 06 c xo huno
FMT
038 |a SVKKK 
040 |a SVKKK  |b slo  |e AACR2 
041 0 |a hun 
044 |a xo  |c SK 
080 |a 336 
242 1 0 |a Finančné vymenovanie 
245 0 0 |a Pénzügyi kinevezés 
520 2 |a Ondrej (Endre) Rakovszky, finančný kontrolór Finančnej správy v Rožňave bol v júni 1912 povýšený na hlavného finančného kontrolóra. 
650 0 4 |a Rakovszky, Endre (kontrolór finančný) - [Finančná správa, Rožňava] - pôsobenie - jún 1912 - kontrolór finančný hlavný (funkcia) - povýšenie úradné - správa 
773 0 |t Sajó-Vidék : Vegyestartalmú hetilap  |g Roč. 15, č. 24 (13.06.1912) s. 2 
957 |a Rožňava 
958 |a DG 
958 |a SK 
974 |a ebl  |d 19980818 
992 |a RBX 
BAS
998 |a RETRO